Geography Quiz

Random Geography or World Quiz

Countries with a Q, X, or Z Quiz Stats

Quiz not verified by Sporcle

Challenge
Share
Tweet
Embed
Score 0/22 Timer 03:00
0 Plays Today
Hint Answer % Correct
ZZimbabwe
97.7%
QQatar
97.2%
ZZambia
97.2%
ZAzerbaijan
90.7%
XMexico
89.4%
QMozambique
85.2%
ZMozambique
85.2%
ZUzbekistan
83.3%
XLuxembourg
81.5%
ZKazakhstan
77.3%
ZKyrgyzstan
77.3%
Hint Answer % Correct
QEquatorial Guinea
71.3%
ZSwitzerland
70.8%
ZSwaziland
70.4%
ZVenezuela
68.1%
ZBelize
66.2%
ZTanzania
66.2%
ZBrazil
62.5%
ZCzech Republic
62.5%
ZBosnia Herzegovina
57.4%
QIraq
56.5%
ZNew Zealand
55.1%

You're not logged in!

Compare scores with friends on all Sporcle quizzes.
Join for Free
OR
Log In

You Might Also Like...

Show Comments

Extras

Top Quizzes Today


Score Distribution

Your Account Isn't Verified!

In order to create a playlist on Sporcle, you need to verify the email address you used during registration. Go to your Sporcle Settings to finish the process.

Report this User

Report this user for behavior that violates our Community Guidelines.

Details: